Every little helps (Record no. 78771)
[ view plain ]
| 000 -LEADER | |
|---|---|
| fixed length control field | 01059cab a22002175a 4500 |
| 001 - CONTROL NUMBER | |
| control field | L138031 |
| 008 - FIXED-LENGTH DATA ELEMENTS--GENERAL INFORMATION | |
| fixed length control field | 070514e2007 xxk f 000 0 eng d |
| 035 ## - SYSTEM CONTROL NUMBER | |
| System control number | (Sirsi) u138031 |
| 041 0# - LANGUAGE CODE | |
| Language code of text/sound track or separate title | eng |
| 100 1# - MAIN ENTRY--PERSONAL NAME | |
| Personal name | Forder, Robin |
| 245 00 - TITLE STATEMENT | |
| Title | Every little helps |
| 260 ## - PUBLICATION, DISTRIBUTION, ETC. | |
| Date of publication, distribution, etc. | 2007 |
| 490 #0 - SERIES STATEMENT | |
| Series statement | RIBA Journal |
| Volume/sequential designation | 114(5) May 2007, 73-74(2) |
| 520 ## - SUMMARY, ETC. | |
| Summary, etc. | Looks at the recently launched UK Microgeneration Certification Scheme, which is administered by BRE Certification. The scheme is part of government's strategy to reduce carbon emissions and provides robust third party certification of microgeneration products and installers, a code of practice, reasonable measures of expected energy generation and safe installations. Article also explains the different microgeneration technologies and integration/installation issues. |
| 590 ## - LOCAL NOTE (RLIN) | |
| Local note | KA |
| 650 24 - SUBJECT ADDED ENTRY--TOPICAL TERM | |
| Topical term or geographic name entry element | UK MICROGENERATION CERTIFICATION SCHEME |
| 651 #4 - SUBJECT ADDED ENTRY--GEOGRAPHIC NAME | |
| Geographic name | United Kingdom |
| Chronological subdivision | |
| 690 ## - LOCAL SUBJECT ADDED ENTRY--TOPICAL TERM (OCLC, RLIN) | |
| Topical term or geographic name as entry element | ENVIRONMENTAL AND LAND CONSULTANCY-ENERGY-ENERGY USE-ENERGY EFFICIENCY |
| 700 1# - ADDED ENTRY--PERSONAL NAME | |
| Personal name | Munzinger, Monika |
| 942 ## - ADDED ENTRY ELEMENTS (KOHA) | |
| Suppress in OPAC | 0 |
| Withdrawn status | Lost status | Source of classification or shelving scheme | Damaged status | Not for loan | Home library | Current library | Shelving location | Date acquired | Total Checkouts | Full call number | Barcode | Date last seen | Copy number | Price effective from | Koha item type |
|---|---|---|---|---|---|---|---|---|---|---|---|---|---|---|---|
| Dewey Decimal Classification | London | London | Journal article | 14/05/2007 | L138031 | 138031-1001 | 06/08/2019 | 1 | 06/08/2019 | Journal article |